000 00846nam a22002657a 4500
008 130505b xxu||||| |||| 00| 0 eng d
020 _a978-81-775-8130-0
024 _cAvailable
037 _cAvailable
040 _aMBSTU LIBRARY
_dMBSTU LIBRARY
082 _222
_a546 INO
100 _aHuheey, James E
110 _aKeiter, Ellen A [et...al]
245 _aInorganic Chemistry; principles of structures and reactivity
260 _aNew Delhi
_bPearson Education
_c2011
300 _a24.2 cm.
_bxviii, 808 page.
_f5
_g24.2 cm.
600 _aIndustrial pollution technology.
650 _2Inorganic Chemistry
700 _aHuheey, James E
710 _aKeiter, Ellen A [et...al]
270 _aNew Delhi
_bNew Delhi
_dNew Delhi
365 _b919.00
_d919.00
942 _2ddc
_cBK
999 _c305
_d305